| 000 | 00676nam a2200217Ia 4500 | ||
|---|---|---|---|
| 003 | GCL | ||
| 008 | 140319s9999 xx 000 0 ara d | ||
| 040 |
_aGCL / _cGCL |
||
| 082 | 0 | 4 |
_a862 _bب ح |
| 100 | 1 | _aالطاهر احمد مكى | |
| 245 | 1 | 0 |
_aحلم العقل / _cالطاهر احمد مكى |
| 700 | 1 | _aصلاح فضل (ترجمة) | |
| 700 | 1 | _aبايخو، بويرو | |
| 260 |
_a[S.N] : _bوزارة الاعلام ، _c1979 |
||
| 300 | _a167 ص | ||
| 490 | _a | ||
| 650 | 0 | 4 | _aالادب الاسبانى |
| 650 | 0 | 4 | _aالادب الاسبانى المترجم |
| 650 | 0 | 4 | _aالمسرحيات الاسبانية المترجمة |
| 942 |
_2ddc _cBK |
||
| 999 |
_c30775 _d30775 |
||